Countries Starting and Ending with the Same Letter - Statistics

General Stats
  • This quiz has been taken 34 times
  • The average score is 11 of 14
Answer Stats
Letter Country % Correct
A Australia
96%
A Austria
92%
A Albania
88%
A Armenia
88%
A Algeria
85%
A Argentina
77%
S Saint Vincent and the Grenadines
73%
A Andorra
69%
S Saint Kitts and Nevis
69%
A Angola
65%
A Antigua and Barbuda
65%
S Seychelles
65%
S Solomon Islands
65%
C Central African Republic
50%
No matching quizzes found
Score Distribution
Percent of People with Each Score
Percentile by Number Answered
Your Score History
You have not taken this quiz